[Event "FIDE World Bl Team Pool C"]
[Site "London ENG"]
[Date "2025.06.14"]
[Round "3.3"]
[White "Florstedt, Johannes"]
[Black "Batkhuyag, Munguntuul"]
[Result "0-1"]
[WhiteTitle "FM"]
[BlackTitle "IM"]
[WhiteElo "2391"]
[BlackElo "2356"]
[WhiteTeam "Berlin Chess Federation"]
[BlackTeam "Mongolia-B"]
[WhiteFideId "12922293"]
[BlackFideId "4900758"]
[EventDate "2025.06.14"]
[EventType "team"]

1. e4 c5 2. Nf3 e6 3. d4 cxd4 4. Nxd4 Nc6 5. Nc3 Qc7 6. Be3 a6 7. Qf3 Nf6 8.
O-O-O Ne5 9. Qg3 d6 10. f4 Neg4 11. Bg1 b5 12. h3 b4 13. Nce2 Nh6 14. Qe3 Bb7
15. Ng3 Rc8 16. Bd3 Be7 17. Nb3 O-O 18. Qb6 d5 19. e5 Ne4 20. Qxc7 Rxc7 21. Bxe4
dxe4 22. Bb6 Rc6 23. Ba5 Ba8 24. Rd7 Bh4 25. Ne2 Nf5 26. g4 Ne3 27. Ned4 Rc4 28.
Nd2 Rcc8 29. Re1 Bxe1 30. N2b3 Bd5 31. f5 Bxb3 32. axb3 exf5 33. gxf5 Bg3 34.
Bxb4 Bxe5 35. Bxf8 Kxf8 36. c3 Bxd4 37. Rxd4 Nxf5 38. Rxe4 Re8 39. Ra4 Re6 40.
b4 Ne3 41. Kd2 f5 42. Kd3 f4 43. b3 f3 44. Ra2 g5 45. Rf2 g4 46. hxg4 Nxg4 47.
Rxf3+ Kg7 48. Rg3 h5 49. c4 Kf6 50. c5 Ke5 51. Kc4 Kf4 52. Rh3 Kg5 53. b5 axb5+
54. Kxb5 Ne5 55. Rh1 h4 56. b4 Kg4 57. Re1 h3 58. c6 Nxc6 59. Rxe6 Nd4+ 60. Kc5
Nxe6+ 0-1

[Event "FIDE World Bl Team Pool C"]
[Site "London ENG"]
[Date "2025.06.14"]
[Round "3.4"]
[White "Mungunzul, Bat-Erdene"]
[Black "Schulze, Lara"]
[Result "1-0"]
[WhiteTitle "WCM"]
[BlackTitle "FM"]
[WhiteElo "2337"]
[BlackElo "2317"]
[WhiteTeam "Mongolia-B"]
[BlackTeam "Berlin Chess Federation"]
[WhiteFideId "4902831"]
[BlackFideId "12956830"]
[EventDate "2025.06.14"]
[EventType "team"]

1. d4 Nf6 2. c4 e6 3. Nf3 d5 4. Bg5 dxc4 5. Nc3 c5 6. dxc5 Nbd7 7. e4 Qa5 8.
Bxf6 Nxf6 9. Bxc4 Bxc5 10. O-O O-O 11. a3 Be7 12. Qe2 Bd7 13. e5 Nd5 14. Nxd5
exd5 15. Bd3 Bg4 16. Qe3 Bxf3 17. Qxf3 d4 18. Qxb7 Bg5 19. f4 Bh6 20. b4 Qa4 21.
Qe4 g6 22. Qxd4 Rad8 23. Qe4 Qb3 24. Bc4 Qb2 25. Bd5 Qd2 26. Rad1 Qb2 27. Rd3
Bg7 28. Rfd1 Rc8 29. Bc6 Qc2 30. b5 Qc5+ 31. Kh1 h5 32. h3 Kh7 33. a4 Qb6 34. f5
Rfd8 35. e6 Rxd3 36. Qxd3 fxe6 37. fxg6+ Kh8 38. Qf3 Rf8 39. Qxh5+ Kg8 40. Qh7# 1-0

[Event "FIDE World Bl Team Pool C"]
[Site "London ENG"]
[Date "2025.06.14"]
[Round "3.5"]
[White "Rath, Alina"]
[Black "Sodbilegt, Naranbold"]
[Result "0-1"]
[WhiteTitle "CM"]
[BlackTitle "FM"]
[WhiteElo "2019"]
[BlackElo "2363"]
[WhiteTeam "Berlin Chess Federation"]
[BlackTeam "Mongolia-B"]
[WhiteFideId "24607886"]
[BlackFideId "4903528"]
[EventDate "2025.06.14"]
[EventType "team"]

1. c4 c5 2. Nc3 Nc6 3. g3 g6 4. Bg2 Bg7 5. e4 d6 6. Nge2 e5 7. d3 Nge7 8. O-O
O-O 9. f4 f5 10. Be3 a6 11. a4 Kh8 12. Rb1 Bd7 13. Nd5 Rb8 14. Nec3 Nxd5 15.
Nxd5 b5 16. axb5 axb5 17. Qd2 bxc4 18. dxc4 Rb3 19. exf5 Bxf5 20. Rbd1 exf4 21.
Nxf4 Nd4 22. Kh1 Re8 23. Nd5 Qb8 24. Bxd4 cxd4 25. Rf2 Rd3 26. Qc1 Qb3 27. Rxd3
Qxd3 28. Nf4 Qb3 29. Bd5 d3 30. Qd2 Bd4 31. Rf1 Qxb2 0-1

[Event "FIDE World Bl Team Pool C"]
[Site "London ENG"]
[Date "2025.06.14"]
[Round "3.6"]
[White "Enkhbayar, Genden"]
[Black "Ziems, Michael"]
[Result "1-0"]
[WhiteElo "1837"]
[BlackElo "1904"]
[WhiteTeam "Mongolia-B"]
[BlackTeam "Berlin Chess Federation"]
[WhiteFideId "4928415"]
[BlackFideId "24678490"]
[EventDate "2025.06.14"]
[EventType "team"]

1. d4 e6 2. c4 d5 3. Nc3 Nf6 4. Nf3 a6 5. Bg5 Be7 6. e3 dxc4 7. Bxc4 b5 8. Bb3
Bb7 9. O-O Nbd7 10. Rc1 Rc8 11. Re1 c5 12. Bc2 cxd4 13. Nxd4 Ne5 14. Bb1 Nc4 15.
Qe2 b4 16. Na4 Qd5 17. f4 O-O 18. Nf3 Rfe8 19. b3 Qb5 20. Rxc4 Rcd8 21. h3 Nd5
22. Bxe7 Rxe7 23. Qc2 Red7 24. Qxh7+ Kf8 25. Ne5 Nf6 26. Qh4 Rd2 27. Nf3 Bxf3
28. gxf3 R8d7 29. Qh8+ Ke7 30. Qxg7 Qh5 31. Qg3 R7d6 32. f5 Nd5 33. Qh4+ Qxh4
34. Rxh4 Rc6 35. Be4 Rcc2 36. f4 Nc3 37. Bf3 Rxa2 38. fxe6 fxe6 39. Rh7+ Kf6 40.
Rh6+ Kg7 41. Rxe6 Rh2 42. Nc5 Rxh3 43. Ne4 Nxe4 44. Bxe4 Rg3+ 45. Kf1 Rb2 46.
Rxa6 Rxb3 47. Ra5 Rbxe3 48. Rxe3 Rxe3 49. Rg5+ Kf6 50. Bd5 b3 51. Bxb3 Rxb3 52.
Kf2 Rb4 53. Kf3 Rb3+ 54. Kg4 Rb1 55. Ra5 Rg1+ 56. Kf3 Rf1+ 57. Ke3 Re1+ 58. Kf2
Re4 59. Kf3 Rb4 60. Ra6+ Kf5 61. Ra5+ Kf6 62. Kg4 Rb6 63. Rh5 Rb1 64. Rh6+ Kg7
65. Ra6 Kf7 66. Kg5 Rg1+ 67. Kf5 Rb1 68. Ra7+ Ke8 69. Ke6 Rb6+ 70. Kf5 Kf8 71.
Kg5 Kg8 72. f5 Rc6 73. f6 Rc8 74. Kg6 Rb8 75. Rg7+ Kh8 76. Rh7+ Kg8 77. f7+ 1-0

[Event "FIDE World Bl Team Pool C"]
[Site "London ENG"]
[Date "2025.06.14"]
[Round "3.1"]
[White "Tan, Justin2"]
[Black "Bluebaum, Matthias"]
[Result "0-1"]
[WhiteTitle "GM"]
[BlackTitle "GM"]
[WhiteElo "2512"]
[BlackElo "2663"]
[WhiteTeam "Wood Green Youth"]
[BlackTeam "Germany and Friends"]
[WhiteFideId "3206882"]
[BlackFideId "24651516"]
[EventDate "2025.06.14"]
[EventType "team"]

1. Nf3 d5 2. g3 Nf6 3. Bg2 e6 4. O-O Bd6 5. d4 O-O 6. c4 Nc6 7. e3 a5 8. Nc3
dxc4 9. Nd2 e5 10. Nxc4 exd4 11. exd4 Bg4 12. Qd2 Re8 13. Nxd6 Qxd6 14. Nb5 Qd7
15. a4 Nb4 16. Qc3 Nfd5 17. Qb3 Bh3 18. Bxh3 Qxh3 19. Bd2 c6 20. Bxb4 axb4 21.
Nd6 Re6 22. Nxb7 Nf4 23. Qf3 Rh6 24. Rfe1 Qxh2+ 0-1

[Event "FIDE World Bl Team Pool C"]
[Site "London ENG"]
[Date "2025.06.14"]
[Round "3.2"]
[White "Svane, Frederik"]
[Black "Derakhshani, Borna"]
[Result "1/2-1/2"]
[WhiteTitle "GM"]
[BlackTitle "FM"]
[WhiteElo "2667"]
[BlackElo "2348"]
[WhiteTeam "Germany and Friends"]
[BlackTeam "Wood Green Youth"]
[WhiteFideId "12923044"]
[BlackFideId "12518450"]
[EventDate "2025.06.14"]
[EventType "team"]

1. e4 c5 2. Nf3 a6 3. Be2 Nc6 4. c3 e6 5. d4 d5 6. e5 Bd7 7. O-O Nge7 8. Na3 Nf5
9. Nc2 cxd4 10. cxd4 Qb6 11. Bd3 Be7 12. Bd2 O-O 13. Bc3 a5 14. a3 Na7 15. a4
Nc6 16. Bb5 Nb8 17. Qe2 Bxb5 18. Qxb5 Qxb5 19. axb5 b6 20. Rfc1 Nd7 21. Nce1
Rac8 22. Nd3 Rc4 23. Kf1 Rfc8 24. g4 Nh4 25. Nxh4 Bxh4 26. Ke2 f6 27. f4 g5 28.
Bd2 gxf4 29. Bxf4 Rc2+ 30. Kd1 R2c4 31. b3 R4c7 32. Rxc7 Rxc7 33. exf6 Rc3 34.
Kd2 Rxb3 35. Kc2 Rxb5 36. g5 h6 37. Rg1 hxg5 38. Bxg5 Bxg5 39. Rxg5+ Kf8 40. Rg6
a4 41. Nf4 a3 42. Rg1 Nxf6 43. Nxe6+ Ke7 44. Nf4 Rb2+ 45. Kd3 b5 46. Rg7+ Kd6
47. Rg6 Ke7 48. Rg7+ Ke8 49. Ra7 b4 50. Ne6 a2 51. Nc5 b3 52. Kc3 Rxh2 53. Kxb3
Ne4 54. Rxa2 Nxc5+ 1/2-1/2

[Event "FIDE World Bl Team Pool C"]
[Site "London ENG"]
[Date "2025.06.14"]
[Round "3.3"]
[White "Haydon, David L"]
[Black "Kollars, Dmitrij"]
[Result "0-1"]
[WhiteTitle "FM"]
[BlackTitle "GM"]
[WhiteElo "2284"]
[BlackElo "2633"]
[WhiteTeam "Wood Green Youth"]
[BlackTeam "Germany and Friends"]
[WhiteFideId "415405"]
[BlackFideId "12909572"]
[EventDate "2025.06.14"]
[EventType "team"]

1. Nf3 d5 2. e3 Nf6 3. c4 e6 4. b3 b6 5. Bb2 Bd6 6. Be2 Nbd7 7. d4 O-O 8. Qc1
Bb7 9. Ba3 c5 10. Nc3 Rc8 11. dxc5 Nxc5 12. O-O dxc4 13. bxc4 Qe7 14. Rd1 Rfd8
15. Nb5 Bb8 16. Bb2 Nfe4 17. Rxd8+ Rxd8 18. Qc2 Ng5 19. Rd1 Nxf3+ 20. Bxf3 Bxf3
21. Rxd8+ Qxd8 22. gxf3 Qg5+ 23. Kh1 Qh5 24. f4 Qf3+ 25. Kg1 h5 26. Nd4 Qg4+ 27.
Kh1 e5 28. fxe5 Bxe5 29. f4 Bf6 30. Bc3 h4 31. Qe2 Qh3 32. Nb5 Ne4 33. Be1 Qd7
34. Qg2 Qd3 35. Qf3 Qb1 36. Qe2 h3 37. Kg1 Bh4 38. Kf1 Bxe1 39. Qxe1 Qxa2 40.
Qh4 Qg2+ 41. Ke1 Qd2+ 42. Kf1 Qd1+ 43. Qe1 Qf3+ 0-1

[Event "FIDE World Bl Team Pool C"]
[Site "London ENG"]
[Date "2025.06.14"]
[Round "3.4"]
[White "Donchenko, Alexander"]
[Black "Balaji, Aaravamudhan"]
[Result "0-1"]
[WhiteTitle "GM"]
[BlackTitle "IM"]
[WhiteElo "2613"]
[BlackElo "2346"]
[WhiteTeam "Germany and Friends"]
[BlackTeam "Wood Green Youth"]
[WhiteFideId "24603295"]
[BlackFideId "436224"]
[EventDate "2025.06.14"]
[EventType "team"]

1. Nf3 d5 2. g3 g6 3. Bg2 Bg7 4. d4 Nf6 5. c4 O-O 6. O-O c6 7. b3 dxc4 8. bxc4
c5 9. Bb2 cxd4 10. Nxd4 Qb6 11. Qb3 Nbd7 12. Nd2 Nc5 13. Qa3 Bd7 14. Rab1 Qc7
15. Nb5 Bxb5 16. cxb5 Rad8 17. Nf3 Nfe4 18. Bxg7 Kxg7 19. Rbc1 Qb6 20. Qb2+ Qf6
21. Qb4 b6 22. h4 h5 23. Rc4 Nd6 24. Rf4 Nf5 25. Qa3 e5 26. Rb4 e4 27. Ng5 e3
28. Rf4 exf2+ 29. R1xf2 Rd1+ 30. Kh2 Qe5 31. Qxa7 Ne6 32. Re4 Qxg3# 0-1

[Event "FIDE World Bl Team Pool C"]
[Site "London ENG"]
[Date "2025.06.14"]
[Round "3.5"]
[White "Camp, Imogen A L"]
[Black "Bashylina, Luisa"]
[Result "0-1"]
[WhiteTitle "WCM"]
[BlackTitle "WFM"]
[WhiteElo "1915"]
[BlackElo "2120"]
[WhiteTeam "Wood Green Youth"]
[BlackTeam "Germany and Friends"]
[WhiteFideId "1802240"]
[BlackFideId "12983292"]
[EventDate "2025.06.14"]
[EventType "team"]

1. d4 Nf6 2. c4 g6 3. Nc3 d5 4. cxd5 Nxd5 5. e4 Nxc3 6. bxc3 Bg7 7. Bc4 c5 8.
Nf3 O-O 9. h3 Nc6 10. O-O cxd4 11. cxd4 Nxd4 12. Rb1 Nxf3+ 13. Qxf3 Qc7 14. Bd5
e6 15. Bb3 Bd7 16. Ba3 Rfd8 17. Rfc1 Bc6 18. Bc5 b6 19. Be3 Rac8 20. Bg5 Rd4 21.
Re1 Qb7 22. Bc2 Qd7 23. Qe3 e5 24. f3 Bb7 25. Bb3 a5 26. Bd1 Qe6 27. Bb3 Qd7 28.
Bd1 Bf8 29. Kh2 Bc5 30. Qb3 a4 31. Qb2 Kg7 32. Be2 Bc6 33. Be3 Rb4 34. Qd2 Qxd2
35. Bxd2 Rxb1 36. Rxb1 f6 37. Bb5 Bxb5 38. Rxb5 Bd4 39. Bb4 Rc2 40. a3 Rb2 41.
Rd5 Rb3 42. Rd7+ Kg8 43. Rd8+ Kf7 44. Rd7+ Ke8 45. Rxh7 Bc5 46. Rh8+ Kd7 47. Rh6
Bxb4 48. axb4 a3 49. Rh7+ Kc6 50. Ra7 Kb5 51. g4 Rb2+ 52. Kg3 a2 53. h4 Kxb4 54.
h5 gxh5 55. gxh5 Kb3 56. Ra6 b5 57. h6 Rc2 58. h7 Rc8 59. Ra7 Kb2 60. Kg4 a1=Q
61. Rxa1 Kxa1 62. Kf5 b4 63. Kxf6 b3 64. Kg7 b2 65. h8=Q Rxh8 66. Kxh8 b1=Q 67.
Kg7 Qd3 68. Kf6 Qxf3+ 69. Kxe5 Kb2 70. Kd5 Kc3 71. Ke5 Kd3 72. Kd5 Qxe4+ 0-1

[Event "FIDE World Bl Team Pool C"]
[Site "London ENG"]
[Date "2025.06.14"]
[Round "3.6"]
[White "Lobkin, Bohdan"]
[Black "Ivanov, Elizabeth"]
[Result "1-0"]
[WhiteElo "1900"]
[BlackElo "1738"]
[WhiteTeam "Germany and Friends"]
[BlackTeam "Wood Green Youth"]
[WhiteFideId "34115552"]
[BlackFideId "427284"]
[EventDate "2025.06.14"]
[EventType "team"]

1. e4 d5 2. exd5 Qxd5 3. Nc3 Qd8 4. Bc4 Nf6 5. d4 Bf5 6. Nge2 e6 7. h3 c6 8. a4
Nbd7 9. a5 Bb4 10. a6 b6 11. O-O O-O 12. Ng3 Bg6 13. Qf3 Rc8 14. Bg5 Bxc3 15.
Qxc3 Qc7 16. Be2 Ne4 17. Nxe4 Bxe4 18. Qe3 Bg6 19. Bf4 Qd8 20. c4 Re8 21. Bd6
Nf6 22. c5 bxc5 23. dxc5 Nd5 24. Qa3 e5 25. Bc4 Nf4 26. Rfe1 Qg5 27. Qg3 Qf6 28.
b4 h5 29. Ra3 h4 30. Qf3 Bh5 31. Qe4 Qg5 32. Bf1 f5 33. Qb1 e4 34. Qc1 Ne6 35.
Qxg5 Nxg5 36. b5 cxb5 37. Bxb5 Red8 38. Rb1 Ne6 39. Bc4 Kf7 40. Rb7+ Kf6 41.
Bxe6 Kxe6 42. Rxa7 Rxd6 43. cxd6 Kxd6 44. Rxg7 Rc1+ 45. Kh2 Be8 46. a7 Bc6 47.
Rg6+ Kd5 1-0

[Event "FIDE World Bl Team Pool C"]
[Site "London ENG"]
[Date "2025.06.14"]
[Round "3.1"]
[White "Sapenov, Daniyal"]
[Black "Kogan, Arthur"]
[Result "1-0"]
[WhiteTitle "IM"]
[BlackTitle "GM"]
[WhiteElo "2405"]
[BlackElo "2475"]
[WhiteTeam "Rookies"]
[BlackTeam "OlalaStars"]
[WhiteFideId "13728911"]
[BlackFideId "2800802"]
[EventDate "2025.06.14"]
[EventType "team"]

1. d4 Nf6 2. Nf3 c5 3. d5 b5 4. e4 Nxe4 5. Bd3 Nd6 6. O-O Bb7 7. Re1 Bxd5 8.
Bxb5 Be6 9. Ba4 g6 10. Ng5 Qa5 11. c3 Bg7 12. Nxe6 fxe6 13. Rxe6 Nf5 14. Re1 O-O
15. Qd5+ e6 16. Qxa8 Qxa4 17. Qe4 Qa6 18. Na3 Nc6 19. Nc4 Kh8 20. Ne3 Ne5 21.
Nxf5 gxf5 22. Qh4 Nd3 23. Rd1 Rg8 24. Bh6 c4 25. Bxg7+ Rxg7 26. Qd8+ Rg8 27.
Qf6+ Rg7 28. g3 Qb7 29. Qf8+ Rg8 30. Qf6+ Rg7 31. Rxd3 cxd3 32. Rd1 Qe4 33. Qf8+
Rg8 34. Qf6+ Rg7 35. Qd4 d5 36. Rxd3 Qe1+ 37. Kg2 Qe4+ 38. Qxe4 fxe4 39. Rd4 Rb7
40. b3 Kg7 41. c4 Rd7 42. f3 e3 43. Kf1 Kf6 44. Ke2 Ke5 45. Kxe3 Rb7 46. f4+ Kd6
47. f5 exf5 48. Rxd5+ Ke6 49. Kf4 Rf7 50. Re5+ Kd6 51. Rxf5 Re7 52. Rf6+ Kc5 53.
Ra6 Kb4 54. h4 Rf7+ 55. Kg5 Rg7+ 56. Kh6 Rxg3 57. Rxa7 Rg4 58. h5 Kc5 59. Rxh7
Kd6 60. Rg7 Rh4 61. Rg5 Ke7 62. Kg7 Rf4 63. h6 Rf7+ 64. Kg6 Rf6+ 65. Kh5 Ke8 1-0

[Event "FIDE World Bl Team Pool C"]
[Site "London ENG"]
[Date "2025.06.14"]
[Round "3.2"]
[White "Krivenko, Dion"]
[Black "Shogdzhiev, Roman"]
[Result "0-1"]
[WhiteTitle "FM"]
[BlackTitle "FM"]
[WhiteElo "2243"]
[BlackElo "2402"]
[WhiteTeam "OlalaStars"]
[BlackTeam "Rookies"]
[WhiteFideId "4508378"]
[BlackFideId "55653537"]
[EventDate "2025.06.14"]
[EventType "team"]

1. e4 c5 2. Nf3 d6 3. d4 cxd4 4. Qxd4 Nc6 5. Bb5 Bd7 6. Bxc6 Bxc6 7. Nc3 Nf6 8.
Bg5 e6 9. O-O-O Be7 10. Qd3 Qa5 11. h4 h6 12. Bxf6 Bxf6 13. Nd4 O-O 14. g4 d5
15. g5 dxe4 16. Nxc6 bxc6 17. Nxe4 Be5 18. Kb1 Rab8 19. c3 h5 20. Rh3 Qb6 21.
Qc2 Rfd8 22. Rhd3 Rxd3 23. Rxd3 c5 24. g6 fxg6 25. Nd2 Qc6 26. Re3 Bf4 27. Re2
Qh1+ 28. Qc1 Qxc1+ 29. Kxc1 Rd8 30. Kc2 g5 31. Nf3 g4 32. Ne1 c4 33. Ng2 e5 34.
Ne3 Bxe3 35. Rxe3 Rf8 36. Re2 g5 37. hxg5 h4 38. b4 h3 39. b5 h2 40. Re1 Rxf2+
41. Kb1 Rg2 0-1

[Event "FIDE World Bl Team Pool C"]
[Site "London ENG"]
[Date "2025.06.14"]
[Round "3.3"]
[White "Nurman, Alua"]
[Black "Sason, Noam"]
[Result "1-0"]
[WhiteTitle "WGM"]
[WhiteElo "2339"]
[BlackElo "2153"]
[WhiteTeam "Rookies"]
[BlackTeam "OlalaStars"]
[WhiteFideId "13729390"]
[BlackFideId "371282346"]
[EventDate "2025.06.14"]
[EventType "team"]

1. e4 c5 2. Nf3 a6 3. d4 cxd4 4. Nxd4 Nf6 5. Bd3 e5 6. Nb3 Nc6 7. O-O Be7 8. Nc3
O-O 9. Nd5 d6 10. c4 Be6 11. h3 Rc8 12. a3 Bxd5 13. cxd5 Na5 14. Nxa5 Qxa5 15.
Bd2 Qb6 16. Bc3 Nd7 17. a4 Nc5 18. Bc2 Qd8 19. a5 b6 20. axb6 Qxb6 21. Ra3 g6
22. Qa1 Qb7 23. b4 Nd7 24. Bd3 Nb8 25. Bd2 f5 26. Qb1 f4 27. Be2 Qd7 28. Bg4 Qb7
29. Bxc8 Rxc8 30. Rc1 Rf8 31. Rac3 Qb5 32. Qd3 Qa4 33. Rc8 Nd7 34. Rxf8+ Kxf8
35. Qc2 Qb5 36. Qc8+ Kf7 37. Qc6 Qxc6 38. Rxc6 Nf6 39. f3 Ke8 40. Rxa6 Nd7 41.
Be1 Kd8 42. Bf2 Kc7 43. Ra7+ Kc8 44. b5 Bd8 45. Ra8+ Nb8 46. Ba7 Bc7 47. b6
Bxb6+ 48. Bxb6 Kb7 49. Rxb8+ Kxb8 50. Bd8 Kc8 51. Ba5 Kd7 52. Kf2 Ke7 53. Bb4 g5
54. Ke2 Kd7 55. Kd3 h5 56. Kc4 Ke7 57. Kb5 g4 58. hxg4 hxg4 59. fxg4 Kf6 60.
Bxd6 1-0

[Event "FIDE World Bl Team Pool C"]
[Site "London ENG"]
[Date "2025.06.14"]
[Round "3.4"]
[White "Blokhin, Sofia"]
[Black "Suleimen, Ergali"]
[Result "0-1"]
[WhiteTitle "WFM"]
[BlackTitle "FM"]
[WhiteElo "2057"]
[BlackElo "2302"]
[WhiteTeam "OlalaStars"]
[BlackTeam "Rookies"]
[WhiteFideId "4508190"]
[BlackFideId "13724452"]
[EventDate "2025.06.14"]
[EventType "team"]

1. d4 Nf6 2. c4 g6 3. Nc3 Bg7 4. e4 d6 5. f3 O-O 6. Be3 Nc6 7. Qd2 a6 8. O-O-O
b5 9. cxb5 axb5 10. Bxb5 Na5 11. g4 c6 12. Bd3 Ba6 13. h4 Nc4 14. Bxc4 Bxc4 15.
b3 Be6 16. h5 Qa5 17. hxg6 fxg6 18. Qb2 c5 19. Nge2 Rfb8 20. Nf4 Bf7 21. e5 cxd4
22. Rxd4 dxe5 23. Ra4 Qc7 24. Rxa8 Rxa8 25. Nd3 e4 26. Bf4 Qa5 27. fxe4 Nxe4 28.
Qh2 Qxc3+ 29. Kb1 Qxd3+ 30. Kc1 Rc8+ 0-1

[Event "FIDE World Bl Team Pool C"]
[Site "London ENG"]
[Date "2025.06.14"]
[Round "3.5"]
[White "Nurgaliyeva, Zarina"]
[Black "Agafonov, Yuri Dr"]
[Result "1/2-1/2"]
[WhiteTitle "WFM"]
[WhiteElo "2252"]
[BlackElo "2096"]
[WhiteTeam "Rookies"]
[BlackTeam "OlalaStars"]
[WhiteFideId "13730096"]
[BlackFideId "11602104"]
[EventDate "2025.06.14"]
[EventType "team"]

1. e4 d6 2. d4 Nf6 3. Nc3 g6 4. Bg5 Bg7 5. Qd2 a6 6. Nf3 b5 7. a3 Bb7 8. Bd3 h6
9. Bf4 Nbd7 10. h3 c5 11. dxc5 Nxc5 12. Qe2 g5 13. Bd2 Nxd3+ 14. Qxd3 Nd7 15.
Nd4 Nc5 16. Qe3 Rc8 17. O-O Be5 18. Rad1 Qb6 19. Nf5 Nd7 20. Qe2 e6 21. Be3 Qc7
22. Nd4 Qc4 23. Qe1 b4 24. axb4 Qxb4 25. Nde2 Nf6 26. Bd4 Nxe4 27. Bxe5 dxe5 28.
Nxe4 Qxe4 29. f3 Qxc2 30. Rc1 Qb3 31. Rxc8+ Bxc8 32. Nc3 Qb6+ 33. Kh1 Qd4 34.
Qe2 O-O 35. Rd1 Qb4 36. Qxe5 Qxb2 37. Rb1 Qc2 38. Re1 Bb7 39. h4 Qf2 40. hxg5
Qh4+ 41. Kg1 Qxg5 42. Qc7 Bd5 43. Ne4 Qh4 44. Re2 Qd8 45. Qe5 f6 46. Qg3+ Kh7
47. Qh4 a5 48. Kf2 a4 49. Re1 Qb6+ 50. Kg3 Qc7+ 51. Kf2 Bxe4 52. Qxe4+ Kg7 53.
Qg4+ Kh7 54. Qe4+ Kg7 55. Qg4+ Kf7 56. Qxe6+ Kg7 57. Qg4+ Kh7 58. Qe4+ Kg7 59.
Qxa4 Qc5+ 60. Re3 Rb8 61. Qd7+ Kg6 62. Qd3+ Kg7 63. Kg3 Qg5+ 64. Kh3 Qh5+ 65.
Kg3 Qg5+ 66. Kf2 Qh4+ 67. Ke2 Qb4 68. Qd7+ Kg6 69. Qd3+ Kg7 70. Qd7+ Kg6 71.
Qd3+ Kg7 72. Qd7+ 1/2-1/2

[Event "FIDE World Bl Team Pool C"]
[Site "London ENG"]
[Date "2025.06.14"]
[Round "3.6"]
[White "Kiritshenko, Platon"]
[Black "Dauren, Darmen"]
[Result "0-1"]
[WhiteElo "1587"]
[BlackElo "2008"]
[WhiteTeam "OlalaStars"]
[BlackTeam "Rookies"]
[WhiteFideId "4522010"]
[BlackFideId "13755579"]
[EventDate "2025.06.14"]
[EventType "team"]

1. e4 c6 2. d4 d5 3. e5 Bf5 4. c4 dxc4 5. Bxc4 e6 6. Nf3 Ne7 7. O-O Nd5 8. Nc3
Nd7 9. Re1 Be7 10. Ne4 Bxe4 11. Rxe4 N7b6 12. Bd3 a6 13. Rg4 g6 14. Ng5 Qd7 15.
Qf3 Bxg5 16. Bxg5 h5 17. Re4 Nc8 18. Rc1 Nce7 19. Rd1 O-O-O 20. Qe2 Qc7 21. Rc1
Rd7 22. f4 Kb8 23. a3 Qb6 24. Qf2 Nf5 25. Rc5 Qb3 26. Bc4 Qd1+ 27. Qf1 Qxf1+ 28.
Kxf1 Nde3+ 29. Ke2 Nxc4 30. Rxc4 Rc8 31. a4 Rd5 32. b4 Rc7 33. Kd3 Rcd7 34. h3
Ng3 35. Re3 Nf5 36. Re4 h4 37. a5 Rc7 38. Rc5 Rdd7 39. Kc4 Rc8 40. Re1 Rh8 41.
Bf6 Rc8 42. Re4 Rd5 43. Kd3 Rc7 44. Rxd5 cxd5 45. Re1 Rc4 46. Rb1 Rxd4+ 47. Kc3
Rxf4 48. Rb2 Rf1 49. Kd3 Rd1+ 50. Ke2 Rd4 51. Kf3 Rc4 52. Ke2 Kc7 53. Kd3 Kc6
54. Rc2 Rxc2 55. Kxc2 Ne3+ 56. Kb3 Nxg2 57. Kc3 Nf4 58. Bxh4 Nxh3 59. Bf6 Nf4
60. Bg5 Nh3 61. Bh4 g5 62. Bg3 Nf4 63. Bh2 Kb5 64. Kb3 d4 65. Bg3 d3 66. Be1 g4
67. Bd2 Nd5 68. Be1 Ne7 69. Kc3 Nc6 70. Kb3 Nxe5 0-1

[Event "FIDE World Bl Team Pool C"]
[Site "London ENG"]
[Date "2025.06.14"]
[Round "3.1"]
[White "D'Costa, Lorin"]
[Black "Zakarian, David"]
[Result "1-0"]
[WhiteTitle "IM"]
[BlackTitle "FM"]
[WhiteElo "2370"]
[BlackElo "2301"]
[WhiteTeam "Chess Rising Stars"]
[BlackTeam "ANI"]
[WhiteFideId "409219"]
[BlackFideId "13301276"]
[EventDate "2025.06.14"]
[EventType "team"]

1. d4 Nf6 2. Nf3 e6 3. c4 Nc6 4. a3 g6 5. Nc3 Bg7 6. e4 d6 7. Be2 O-O 8. O-O a5
9. Re1 e5 10. d5 Ne7 11. Rb1 a4 12. Bf1 Bd7 13. c5 Ne8 14. cxd6 Nxd6 15. Be3 h6
16. Rc1 f5 17. Bc5 f4 18. Nd2 g5 19. Be2 Ng6 20. Bg4 Nh4 21. g3 fxg3 22. hxg3
Ng6 23. Bxd6 cxd6 24. Nc4 Ra6 25. Ne3 Ne7 26. Qe2 Qe8 27. Bxd7 Qxd7 28. g4 Ng6
29. Nf5 Nf4 30. Qf3 Rc8 31. Ne2 Raa8 32. Nxf4 exf4 33. Rxc8+ Rxc8 34. Re2 Rc1+
35. Kg2 Kh7 36. Qd3 Be5 37. Rc2 Rxc2 38. Qxc2 h5 39. gxh5 g4 40. f3 gxf3+ 41.
Kxf3 Qf7 42. Qh2 Qg8 43. Qh4 Qg1 44. Qe7+ 1-0

[Event "FIDE World Bl Team Pool C"]
[Site "London ENG"]
[Date "2025.06.14"]
[Round "3.2"]
[White "Kiremitciyan, Ari"]
[Black "Wu, Li"]
[Result "1/2-1/2"]
[WhiteTitle "FM"]
[BlackTitle "FM"]
[WhiteElo "2271"]
[BlackElo "2278"]
[WhiteTeam "ANI"]
[BlackTeam "Chess Rising Stars"]
[WhiteFideId "6373445"]
[BlackFideId "411086"]
[EventDate "2025.06.14"]
[EventType "team"]

1. Nf3 d5 2. g3 c5 3. Bg2 Nc6 4. d4 e6 5. O-O cxd4 6. Nxd4 Bc5 7. Nb3 Bb6 8. c4
Nge7 9. cxd5 exd5 10. Nc3 d4 11. Na4 O-O 12. Nxb6 axb6 13. e3 d3 14. e4 Be6 15.
Be3 Nb4 16. Nd4 Bxa2 17. Qd2 Nec6 18. Nxc6 Nxc6 19. b3 Bxb3 20. Rxa8 Qxa8 21.
Qxd3 Qa2 22. Bxb6 Bc4 23. Qb1 Ra8 24. Qxa2 Rxa2 25. Rc1 Be6 26. f4 g6 27. h3 h5
28. Rb1 Bc4 29. Rc1 Be6 30. Rb1 Bc4 31. g4 hxg4 32. hxg4 Bd3 33. Rd1 Be2 34. Rd7
Bxg4 35. Rxb7 Rb2 36. e5 Ne7 37. Rxe7 Rxb6 38. Bd5 Be6 39. Bxe6 fxe6 40. Kf2 Kf8
41. Ra7 Rb3 42. Rc7 Ra3 43. Kg2 Rb3 44. Ra7 Rc3 45. Rb7 Ra3 1/2-1/2

[Event "FIDE World Bl Team Pool C"]
[Site "London ENG"]
[Date "2025.06.14"]
[Round "3.3"]
[White "Cumming, Rhys"]
[Black "Stepanyan, Henrik"]
[Result "0-1"]
[WhiteTitle "FM"]
[WhiteElo "2285"]
[BlackElo "2200"]
[WhiteTeam "Chess Rising Stars"]
[BlackTeam "ANI"]
[WhiteFideId "470163"]
[BlackFideId "401030"]
[EventDate "2025.06.14"]
[EventType "team"]

1. e4 e5 2. Nf3 d5 3. exd5 e4 4. Qe2 Nf6 5. Nc3 Be7 6. Nxe4 Nxd5 7. Nc3 Nc6 8.
d4 O-O 9. Nxd5 Qxd5 10. Be3 Bg4 11. c3 Rae8 12. h3 Bh5 13. g4 Bg6 14. Bg2 Qd6
15. O-O f5 16. Qc4+ Bf7 17. Qc5 Qd8 18. Qxf5 Bd5 19. Qh5 Bxf3 20. Bxf3 Rxf3 21.
Rae1 Ref8 22. Bc1 Bd6 23. Re2 Qf6 24. Bg5 Qf7 25. Qxf7+ R3xf7 26. Kg2 Bf4 27.
Bxf4 Rxf4 28. d5 Na5 29. b3 b6 30. Re7 R4f7 31. Rxf7 Kxf7 32. f4 Re8 33. Kf3 Nb7
34. Rd1 a5 35. c4 Nd6 36. a3 Re7 37. Rd4 Re1 38. b4 axb4 39. axb4 Rc1 40. c5
bxc5 41. bxc5 Rxc5 42. f5 Rc3+ 43. Kf4 Rc4 44. Ke5 Rxd4 45. Kxd4 Kf6 46. Kc5 Ke5
47. Kc6 Ne4 48. Kxc7 Kxd5 49. Kd7 Ke5 50. Ke7 Nd6 51. h4 Nxf5+ 52. gxf5 Kxf5 53.
Kf7 g5 54. h5 g4 55. h6 g3 56. Kg7 g2 57. Kxh7 g1=Q 58. Kh8 Kf6 59. h7 Qg7# 0-1